Normal view
MARC view
Entry Topical Term
001 - CONTROL NUMBER
- control field: 14178
003 - CONTROL NUMBER IDENTIFIER
- control field: OSt
005 - DATE AND TIME OF LATEST TRANSACTION
- control field: 20191004103438.0
008 - FIXED-LENGTH DATA ELEMENTS
- fixed length control field: 191004|| aca||aabn | a|a d
040 ## - CATALOGING SOURCE
- Original cataloging agency: OSt
- Transcribing agency: OSt
150 ## - HEADING--TOPICAL TERM
- Topical term or geographic name entry element: Heaven -- Fiction.
670 ## - SOURCE DATA FOUND
- Source citation: Work cat.: (OSt): Albom, Mitch 14175, The Next person you meet in heaven / , 2018.